Iskusstvo podbora personala kak ocenit' čeloveka za čas

Enregistré dans:
Détails bibliographiques
Auteur principal: Ivanova, Svetlana
Format: Livre
Langue:russe
Publié: Moskva Al'pina Biznes Buks 2005
Édition:2. izd.
Sujets:
Tags: Ajouter un tag
Pas de tags, Soyez le premier à ajouter un tag!

MARC

LEADER 00000nam$a2200000$$$4500
001 0027617
005 20240314091146.6
020 |a 5-9614-0149-9 
041 0 |a rus 
044 |a RU 
245 1 0 |a Iskusstvo podbora personala  |b kak ocenit' čeloveka za čas  |c Svetlana Ivanova 
250 |a 2. izd. 
264 1 |a Moskva  |b Al'pina Biznes Buks  |c 2005 
300 |a 158 s. 
610 2 0 |a personalistika 
610 2 0 |a personál 
610 2 0 |a výber pracovníkov 
610 2 0 |a odmeňovanie 
610 2 0 |a interview 
610 2 0 |a informácie 
610 2 0 |a ciele podnikové 
100 1 |a Ivanova, Svetlana